000 00414nam a2200157 i 4500
001 76657
003 ES-MaACL
007 t|
008 041004s1934 fr ||||1| fre d
100 1 _aGuitry, Sacha.
_960911
245 1 0 _aSouvenirs /
_cSacha Guitry.
260 _aParis :
_bPlon et Nourrit,
_c1934.
300 _av. ;
_c20 cm.
505 8 _aContiene: V. I: Si j'ai bonne mémoire.
852 _aES-MaACL
_jC-6873
999 _c76657
_d76657